Evaluation of Experiences from Previous Programming Period of the European Union Funds (2007-2013)

Historická a komparačná metóda vybraných ukazovateľov obdobia implementácie európskych štrukturálnych a investičných fondov (ESIF). Národný strategický referenčný rámec. Európsky regionálny rozvojový fond (ERDF) a Európske spoločenstvo. Teórie európskej integrácie. Lisabonská zmluva a operačné progr...

Descrizione completa

Salvato in:
Dettagli Bibliografici
Autore principale: Nebeský, Ľubomír
Altri autori: Šprochová, Lenka
Natura: Capitolo di libro
Lingua:inglese
Soggetti:
Tags: Aggiungi Tag
Nessun Tag, puoi essere il primo ad aggiungerne!!

MARC

LEADER 00000nla a2200000 4500
001 0199721
005 20240502073401.0
041 0 |a eng 
044 |a SK 
245 1 0 |a Evaluation of Experiences from Previous Programming Period of the European Union Funds (2007-2013)  |c Ľubomír Nebeský, Lenka Šprochová 
520 |a Historická a komparačná metóda vybraných ukazovateľov obdobia implementácie európskych štrukturálnych a investičných fondov (ESIF). Národný strategický referenčný rámec. Európsky regionálny rozvojový fond (ERDF) a Európske spoločenstvo. Teórie európskej integrácie. Lisabonská zmluva a operačné programy. Regional competitiveness index RCI (Directorate - General). Svetové ekonomické fórum WEF a Global competitiveness report. Schéma programovacieho obdobia. Spatial economy. 
610 2 0 |a fondy štruktúrne 
610 2 0 |a politika regionálna 
610 2 0 |a fondy Európskej únie 
610 2 0 |a fondy investičné 
610 2 0 |a benefity 
610 2 0 |a ohodnocovanie 
100 1 |a Nebeský, Ľubomír 
700 1 |a Šprochová, Lenka